Analýza systému celoživotného vzdelávania a jeho vzťahu k dopytu na trhu práce v SR diplomová práca

Saved in:
Bibliographic Details
Main Author: Rušinová, Daniela
Corporate Author: Fakulta hospodárskej informatiky EU. Katedra štatistiky
Other Authors: Lubyová, Martina
Format: Book
Language:Slovak
Published: Bratislava 2017
Tags: Add Tag
No Tags, Be the first to tag this record!

MARC

LEADER 00000nbm a2200000 4500
001 0230875
005 20171107142801.0
041 0 |a slo 
044 |a SK 
245 1 0 |a Analýza systému celoživotného vzdelávania a jeho vzťahu k dopytu na trhu práce v SR  |b diplomová práca  |c Daniela Rušinová ; školiteľ: Martina Lubyová 
264 1 |a Bratislava  |c 2017 
300 |a 84 s. 
100 1 |a Rušinová, Daniela 
700 1 |a Lubyová, Martina 
710 2 |a Fakulta hospodárskej informatiky EU. Katedra štatistiky